Statistics for U2 Albums

Click here to take the quiz!

General Stats

  • This quiz has been taken 139 times
  • The average score is 9 of 15

Answer Stats

Hint Answer % Correct
1987The Joshua Tree
98%
1980Boy
85%
1983War
83%
1988Rattle and Hum
75%
1984The Unforgettable Fire
71%
1991Achtung Baby
70%
1981October
69%
1993Zooropa
69%
2004How To Dismantle An Atomic Bomb
60%
1997Pop
59%
1983Under a Blood Red Sky
53%
2000All That You Can't Leave Behind
48%
2014Songs of Innocence
43%
2009No Line on the Horizon
41%
1985Wide Awake in America
19%

Score Distribution

Percentile by Number Answered

Percent of People with Each Score

Your Score History

You have not taken this quiz